Io e lei /

Đã lưu trong:
Chi tiết về thư mục
Tác giả chính: Roberto, Gabriele (Nhà soạn nhạc)
Tác giả khác: Catinari, Arnaldo (Nhiếp ảnh gia), Cotroneo, Ivan (Người viết kịch bản), Buy, Margherita (Diễn viên), Ferilli, Sabrina (Diễn viên), Marciano, Francesca (Người viết kịch bản), Tognazzi, Maria Sole (Giám đốc)
Định dạng: Slide
Ngôn ngữ:Tiếng Italy
Được phát hành: [Roma] : [Campi Bisenzio] : Lucky Red homevideo ; Cecchi Gori home video, ©2016
Các nhãn: Thêm thẻ
Không có thẻ, Là người đầu tiên thẻ bản ghi này!

MARC

LEADER 00000ngm a22000007i 4500
001 IT\ICCU\MOD\1654576
003 ItRI
005 20260124182858.0
008 160213s2016 it |||||||||||||||k|||||c
024 3 1 |a 8057092008553 
028 4 2 |a PSV35220  |b Lucky Red 
040 |b ita 
041 7 |a ita  |2 ISO-639-2 
130 0 |a Io e lei <film ; 2015>  |3 IT\ICCU\MOD\1654680 
245 0 0 |a Io e lei /  |c un film di Maria Sole Tognazzi ; [con] Margherita Buy, Sabrina Ferilli ; soggetto e sceneggiatura Ivan Cotroneo, Francesca Marciano, Maria Sole Tognazzi ; colonna sonora originale Gabriele Roberto ; fotografia Arnaldo Catinari]. 
260 |a [Roma] :  |b Lucky Red homevideo ;  |a [Campi Bisenzio] :  |b Cecchi Gori home video,  |c ©2016 
300 |a 1 DVD-Video (circa 98 min.) :  |b color., sonoro 
500 |a Titolo del disco 
500 |a Produzione cinematografica Italia 2015 
500 |a Sottotitoli: inglese, francese 
500 |a Altri interpreti: Fausto Maria Sciarappa, Domenico Diele, Ennio Fantastichini 
500 |a Caratteristiche tecniche: regione 2; PAL; video 2.35:1; audio Dolby digital 5.1 
500 |a Contenuti speciali: backstage, scena tagliata, pillole dal set, le papere, trailer. 
700 1 |a Catinari, Arnaldo  |0 IT\ICCU\LO1V\252686  |4 pht 
700 1 |a Roberto, Gabriele  |0 IT\ICCU\LO1V\386148  |4 cmp 
700 1 |a Cotroneo, Ivan  |0 IT\ICCU\RAVV\092620  |4 sce 
700 1 |a Buy, Margherita  |0 IT\ICCU\RAVV\092960  |4 act 
700 1 |a Ferilli, Sabrina  |0 IT\ICCU\RAVV\097332  |4 act 
700 1 |a Marciano, Francesca  |0 IT\ICCU\RAVV\098908  |4 sce 
700 1 |a Tognazzi, Maria Sole  |0 IT\ICCU\RAVV\381239  |4 drt 
942 |2 ddc  |c VM  |n 0 
952 |0 0  |1 0  |4 0  |6 VO_2224_000000000000000  |7 0  |9 27455  |a BO  |b BO  |d 2026-01-24  |i 18339  |l 0  |o VO 2224  |p BO18339  |r 2026-01-24 18:28:58  |w 2026-01-24  |x [Sebina 7] [1 dvd]  |y VM  |z 1 dvd 
999 |c 23253  |d 23253